[Event "Greek Team Championship"]
[Site "chess24.com"]
[Date "2017.07.07"]
[Round "6"]
[White "Lagogianni, Niki Vasiliki"]
[Black "Poulopoulou, Ekaterini"]
[Result "0-1"]
[Board "6"]
[WhiteElo "1106"]
[WhiteCountry "GRE"]
[WhiteFideId "25804359"]
[WhiteEloChange "-2"]
[BlackElo "1707"]
[BlackCountry "GRE"]
[BlackFideId "4244206"]
[BlackEloChange "2"]

1. e4 {[%clk 1:30:57]} c6 {[%clk 1:30:52]} 2. d4 {[%clk 1:30:36]} d5 {[%clk
1:31:00]} 3. Nc3 {[%clk 1:30:58]} dxe4 {[%clk 1:31:18]} 4. Nxe4 {[%clk 1:31:18]}
Nd7 {[%clk 1:31:38]} 5. Nf3 {[%clk 1:31:33]} Ngf6 {[%clk 1:31:18]} 6. Nxf6+
{[%clk 1:31:47]} Nxf6 {[%clk 1:31:11]} 7. Bc4 {[%clk 1:30:43]} e6 {[%clk
1:27:00]} 8. O-O {[%clk 1:21:43]} Be7 {[%clk 1:24:18]} 9. Bf4 {[%clk 1:15:05]}
O-O {[%clk 1:23:29]} 10. Re1 {[%clk 1:10:51]} Qb6 {[%clk 0:55:04]} 11. Rb1 {[%clk
1:05:43]} Re8 {[%clk 0:48:25]} 12. c3 {[%clk 1:02:09]} c5 {[%clk 0:40:04]} 13.
Qb3 {[%clk 0:53:44]} Qxb3 {[%clk 0:33:42]} 14. Bxb3 {[%clk 0:53:59]} b6 {[%clk
0:28:12]} 15. Bc2 {[%clk 0:51:01]} Bb7 {[%clk 0:27:10]} 16. dxc5 {[%clk 0:48:08]}
Bxc5 {[%clk 0:26:08]} 17. Ne5 {[%clk 0:45:57]} Nh5 {[%clk 0:16:24]} 18. Nd3
{[%clk 0:45:19]} Nxf4 {[%clk 0:15:00]} 19. Nxf4 {[%clk 0:45:35]} Red8 {[%clk
0:12:07]} 20. Rbd1 {[%clk 0:43:51]} Bd6 {[%clk 0:06:27]} 21. Nh5 {[%clk 0:40:54]}
Rac8 {[%clk 0:04:18]} 22. Ng3 {[%clk 0:40:48]} Bd5 {[%clk 0:04:05]} 23. Bb3
{[%clk 0:40:42]} Bc6 {[%clk 0:03:34]} 24. Ne4 {[%clk 0:40:51]} Be7 {[%clk
0:02:58]} 25. Rd2 {[%clk 0:39:34]} Bxe4 {[%clk 0:01:59]} 26. Rxd8+ {[%clk
0:39:46]} Rxd8 {[%clk 0:02:22]} 27. Rxe4 {[%clk 0:39:57]} Rd2 {[%clk 0:02:38]}
28. g3 {[%clk 0:39:21]} Bc5 {[%clk 0:02:35]} 29. Rf4 {[%clk 0:38:34]} Rxb2 {[%clk
0:02:20]} 30. Rf3 {[%clk 0:38:39]} a5 {[%clk 0:02:19]} 31. c4 {[%clk 0:37:52]} g6
{[%clk 0:02:19]} 32. h4 {[%clk 0:37:09]} e5 {[%clk 0:01:30]} 33. Kf1 {[%clk
0:35:15]} h5 {[%clk 0:01:11]} 34. Rf6 {[%clk 0:35:00]} Kg7 {[%clk 0:01:15]} 35.
Rf3 {[%clk 0:35:20]} a4 {[%clk 0:00:55]} 36. Bxa4 {[%clk 0:35:26]} Rxa2 {[%clk
0:01:13]} 37. Bb5 {[%clk 0:34:57]} f6 {[%clk 0:00:49]} 38. Bc6 {[%clk 0:34:23]}
Rc2 {[%clk 0:00:46]} 39. Bd5 {[%clk 0:34:25]} Rd2 {[%clk 0:00:50]} 40. Bc6 {[%clk
1:04:20]} Rd4 {[%clk 0:30:40]} 41. Rc3 {[%clk 1:03:48]} Rd2 {[%clk 0:27:16]} 42.
Rf3 {[%clk 1:04:11]} f5 {[%clk 0:26:07]} 43. Be8 {[%clk 1:04:01]} e4 {[%clk
0:25:16]} 44. Rf4 {[%clk 1:03:58]} Bd6 {[%clk 0:25:16]} 0-1

[Event "Greek Team Championship"]
[Site "chess24.com"]
[Date "2017.07.07"]
[Round "6"]
[White "Kratimenou, Maria"]
[Black "Tzartzi, Petroula"]
[Result "1-0"]
[Board "7"]
[WhiteElo "1280"]
[WhiteCountry "GRE"]
[WhiteFideId "25821725"]
[WhiteEloChange "9"]
[BlackElo "1243"]
[BlackCountry "GRE"]
[BlackFideId "25811169"]
[BlackEloChange "-9"]

1. e4 {[%clk 1:30:57]} c5 {[%clk 1:30:53]} 2. Nc3 {[%clk 1:31:18]} Nc6 {[%clk
1:30:41]} 3. g3 {[%clk 1:31:39]} g6 {[%clk 1:30:58]} 4. Bg2 {[%clk 1:32:03]} Bg7
{[%clk 1:31:04]} 5. d3 {[%clk 1:32:23]} e6 {[%clk 1:31:06]} 6. Nge2 {[%clk
1:32:46]} Nge7 {[%clk 1:31:10]} 7. O-O {[%clk 1:33:00]} O-O {[%clk 1:31:19]} 8.
Be3 {[%clk 1:33:26]} d6 {[%clk 1:31:34]} 9. Rb1 {[%clk 1:33:49]} a6 {[%clk
1:26:13]} 10. Qd2 {[%clk 1:33:48]} Nd4 {[%clk 1:16:17]} 11. b4 {[%clk 1:34:00]}
b5 {[%clk 1:03:36]} 12. e5 {[%clk 1:33:42]} Nxe2+ {[%clk 0:54:26]} 13. Nxe2
{[%clk 1:33:47]} d5 {[%clk 0:53:55]} 14. Bxc5 {[%clk 1:33:19]} Bxe5 {[%clk
0:52:35]} 15. d4 {[%clk 1:33:07]} Bd6 {[%clk 0:41:05]} 16. Nf4 {[%clk 1:23:38]}
Bxc5 {[%clk 0:40:44]} 17. dxc5 {[%clk 1:22:57]} Qc7 {[%clk 0:32:34]} 18. Rfe1
{[%clk 1:15:06]} Bd7 {[%clk 0:30:55]} 19. Nd3 {[%clk 1:11:27]} a5 {[%clk
0:25:59]} 20. a3 {[%clk 1:11:00]} axb4 {[%clk 0:25:16]} 21. axb4 {[%clk 1:10:32]}
Ra2 {[%clk 0:21:32]} 22. Ra1 {[%clk 1:10:20]} Rfa8 {[%clk 0:21:19]} 23. Qc3
{[%clk 1:09:44]} Qa7 {[%clk 0:19:16]} 24. Rxa2 {[%clk 1:05:16]} Qxa2 {[%clk
0:19:18]} 25. Qb2 {[%clk 1:04:29]} Qc4 {[%clk 0:12:58]} 26. Ne5 {[%clk 1:03:52]}
Qa2 {[%clk 0:01:47]} 27. Qxa2 {[%clk 1:03:51]} Rxa2 {[%clk 0:02:11]} 28. Nxd7
{[%clk 1:04:02]} Rxc2 {[%clk 0:02:21]} 29. Rb1 {[%clk 1:03:46]} Nc6 {[%clk
0:01:26]} 30. Bf1 {[%clk 1:02:30]} d4 {[%clk 0:00:39]} 31. Bxb5 {[%clk 1:02:33]}
Na7 {[%clk 0:01:04]} 32. Bf1 {[%clk 1:02:17]} Rc3 {[%clk 0:01:07]} 33. Rd1 {[%clk
1:02:11]} Rb3 {[%clk 0:00:44]} 34. Rxd4 {[%clk 1:02:29]} Nc6 {[%clk 0:00:55]} 35.
Rc4 {[%clk 1:02:14]} Nxb4 {[%clk 0:01:00]} 36. c6 {[%clk 1:02:04]} Nd5 {[%clk
0:00:40]} 37. c7 {[%clk 1:01:18]} 1-0

[Event "Greek Team Championship"]
[Site "chess24.com"]
[Date "2017.07.07"]
[Round "6"]
[White "Papakonstantinou, Dimitrios"]
[Black "Danis, Hrisovalantis"]
[Result "1/2-1/2"]
[Board "8"]
[WhiteElo "2002"]
[WhiteCountry "GRE"]
[WhiteFideId "4250990"]
[WhiteEloChange "1"]
[BlackElo "2029"]
[BlackCountry "GRE"]
[BlackFideId "4276078"]
[BlackEloChange "-1"]

1. d4 {[%clk 1:30:57]} Nf6 {[%clk 1:30:55]} 2. c4 {[%clk 1:31:23]} g6 {[%clk
1:31:16]} 3. Nf3 {[%clk 1:31:46]} Bg7 {[%clk 1:31:37]} 4. Nc3 {[%clk 1:32:10]}
O-O {[%clk 1:31:55]} 5. g3 {[%clk 1:32:36]} d6 {[%clk 1:32:21]} 6. Bg2 {[%clk
1:33:03]} Nc6 {[%clk 1:32:43]} 7. O-O {[%clk 1:33:28]} a6 {[%clk 1:33:09]} 8. b3
{[%clk 1:32:59]} Rb8 {[%clk 1:33:05]} 9. Bb2 {[%clk 1:33:22]} b5 {[%clk 1:31:13]}
10. cxb5 {[%clk 1:33:46]} axb5 {[%clk 1:31:35]} 11. Rc1 {[%clk 1:34:14]} Bd7
{[%clk 1:30:04]} 12. Re1 {[%clk 1:27:34]} Na5 {[%clk 1:24:40]} 13. e4 {[%clk
1:19:11]} b4 {[%clk 1:19:10]} 14. Na4 {[%clk 1:17:34]} Bxa4 {[%clk 1:16:40]} 15.
bxa4 {[%clk 1:18:02]} Nd7 {[%clk 1:16:18]} 16. e5 {[%clk 1:07:43]} e6 {[%clk
1:11:15]} 17. Qc2 {[%clk 1:02:17]} d5 {[%clk 1:03:56]} 18. Nd2 {[%clk 1:01:19]}
Nb6 {[%clk 0:43:21]} 19. Bf1 {[%clk 1:01:17]} c6 {[%clk 0:40:58]} 20. Rb1 {[%clk
0:49:29]} Qe7 {[%clk 0:31:18]} 21. Nb3 {[%clk 0:30:47]} Nbc4 {[%clk 0:28:40]} 22.
Nc5 {[%clk 0:30:51]} Qa7 {[%clk 0:26:10]} 23. a3 {[%clk 0:11:38]} bxa3 {[%clk
0:12:28]} 24. Bc3 {[%clk 0:12:05]} Rxb1 {[%clk 0:11:29]} 25. Rxb1 {[%clk
0:10:44]} Rd8 {[%clk 0:08:32]} 26. Qa2 {[%clk 0:04:42]} Bf8 {[%clk 0:05:48]} 27.
Bxa5 {[%clk 0:05:07]} Nxa5 {[%clk 0:05:37]} 28. Qxa3 {[%clk 0:05:32]} Bxc5 {[%clk
0:05:45]} 29. dxc5 {[%clk 0:05:59]} Nb7 {[%clk 0:05:55]} 30. Rb6 {[%clk 0:05:37]}
Rc8 {[%clk 0:04:28]} 31. Ba6 {[%clk 0:06:03]} Rc7 {[%clk 0:04:05]} 32. Bxb7
{[%clk 0:05:20]} Rxb7 {[%clk 0:04:30]} 33. Qb4 {[%clk 0:04:29]} Rc7 {[%clk
0:04:47]} 34. a5 {[%clk 0:04:31]} d4 {[%clk 0:04:10]} 35. a6 {[%clk 0:00:46]} d3
{[%clk 0:03:58]} 36. Rb7 {[%clk 0:01:02]} d2 {[%clk 0:03:52]} 37. Qxd2 {[%clk
0:01:27]} Rxb7 {[%clk 0:04:17]} 38. axb7 {[%clk 0:01:54]} Qxb7 {[%clk 0:04:43]}
1/2-1/2

[Event "Greek Team Championship"]
[Site "chess24.com"]
[Date "2017.07.07"]
[Round "6"]
[White "Giatrakos, Orestis"]
[Black "Karagiannis, Emmanouil"]
[Result "1-0"]
[Board "9"]
[WhiteElo "1889"]
[WhiteCountry "GRE"]
[WhiteFideId "4266897"]
[WhiteEloChange "2"]
[BlackElo "1338"]
[BlackCountry "GRE"]
[BlackFideId "4292197"]
[BlackEloChange "-2"]

1. d4 {[%clk 1:30:57]} Nf6 {[%clk 1:30:53]} 2. Bf4 {[%clk 1:31:20]} e6 {[%clk
1:30:46]} 3. e3 {[%clk 1:31:40]} c5 {[%clk 1:29:31]} 4. c3 {[%clk 1:32:03]} d5
{[%clk 1:28:49]} 5. Nd2 {[%clk 1:32:24]} Nc6 {[%clk 1:26:40]} 6. Bd3 {[%clk
1:32:40]} Be7 {[%clk 1:23:52]} 7. Ngf3 {[%clk 1:31:33]} O-O {[%clk 1:23:58]} 8.
O-O {[%clk 1:31:56]} c4 {[%clk 1:08:43]} 9. Bc2 {[%clk 1:32:18]} Bd6 {[%clk
1:07:39]} 10. Bg3 {[%clk 1:31:32]} Qc7 {[%clk 1:04:06]} 11. Bxd6 {[%clk 1:26:34]}
Qxd6 {[%clk 1:04:29]} 12. e4 {[%clk 1:26:36]} Qc7 {[%clk 0:59:24]} 13. e5 {[%clk
1:26:31]} Nd7 {[%clk 0:59:28]} 14. Bxh7+ {[%clk 1:25:10]} Kh8 {[%clk 0:58:36]}
15. Bc2 {[%clk 1:22:48]} g6 {[%clk 0:54:10]} 16. Ng5 {[%clk 1:22:44]} Kg7 {[%clk
0:52:43]} 17. Qg4 {[%clk 1:22:50]} Re8 {[%clk 0:52:43]} 18. h4 {[%clk 1:21:49]}
Nf8 {[%clk 0:51:27]} 19. Qf4 {[%clk 1:20:06]} Qe7 {[%clk 0:50:56]} 20. g3 {[%clk
1:18:00]} Nh7 {[%clk 0:50:23]} 21. Ndf3 {[%clk 1:17:34]} Bd7 {[%clk 0:50:06]} 22.
Nxh7 {[%clk 1:16:47]} Kxh7 {[%clk 0:49:56]} 23. h5 {[%clk 1:16:54]} Rg8 {[%clk
0:49:59]} 24. Kg2 {[%clk 1:14:39]} Kg7 {[%clk 0:49:55]} 25. h6+ {[%clk 1:14:55]}
Kh8 {[%clk 0:49:38]} 26. Ng5 {[%clk 1:14:46]} Raf8 {[%clk 0:49:59]} 27. Qf6+
{[%clk 1:13:27]} Qxf6 {[%clk 0:50:20]} 28. exf6 {[%clk 1:13:55]} Rb8 {[%clk
0:49:01]} 29. Nxf7+ {[%clk 1:14:20]} Kh7 {[%clk 0:49:18]} 30. Ng5+ {[%clk
1:14:16]} Kh8 {[%clk 0:49:18]} 31. Rae1 {[%clk 1:14:11]} Nd8 {[%clk 0:49:29]} 32.
f7 {[%clk 1:13:55]} Rf8 {[%clk 0:49:50]} 33. Bxg6 {[%clk 1:14:19]} 1-0

[Event "Greek Team Championship"]
[Site "chess24.com"]
[Date "2017.07.07"]
[Round "6"]
[White "Gavriil, Odysseas-Panagiotis"]
[Black "Spyratos, Nikolaos"]
[Result "1/2-1/2"]
[Board "10"]
[WhiteElo "1679"]
[WhiteCountry "GRE"]
[WhiteFideId "4298012"]
[WhiteEloChange "-5"]
[BlackElo "1498"]
[BlackCountry "GRE"]
[BlackFideId "25835351"]
[BlackEloChange "5"]

1. e4 {[%clk 1:30:59]} c5 {[%clk 1:30:54]} 2. Nf3 {[%clk 1:31:29]} d6 {[%clk
1:31:17]} 3. d4 {[%clk 1:31:54]} cxd4 {[%clk 1:31:42]} 4. Nxd4 {[%clk 1:32:23]}
Nf6 {[%clk 1:32:05]} 5. Nc3 {[%clk 1:32:45]} g6 {[%clk 1:32:28]} 6. Be3 {[%clk
1:33:04]} Bg7 {[%clk 1:32:51]} 7. f3 {[%clk 1:33:15]} O-O {[%clk 1:33:14]} 8. Qd2
{[%clk 1:33:33]} Nc6 {[%clk 1:33:14]} 9. Bc4 {[%clk 1:33:59]} Bd7 {[%clk
1:34:03]} 10. O-O-O {[%clk 1:34:17]} Rc8 {[%clk 1:34:29]} 11. Bb3 {[%clk
1:34:30]} Nxd4 {[%clk 1:34:50]} 12. Bxd4 {[%clk 1:34:34]} b5 {[%clk 1:35:08]} 13.
e5 {[%clk 1:29:10]} dxe5 {[%clk 1:35:29]} 14. Bxe5 {[%clk 1:29:18]} Bc6 {[%clk
1:35:55]} 15. Qxd8 {[%clk 1:28:33]} Rfxd8 {[%clk 1:36:19]} 16. Rxd8+ {[%clk
1:28:25]} Rxd8 {[%clk 1:36:44]} 17. Rd1 {[%clk 1:28:22]} Bh6+ {[%clk 1:37:10]}
18. Kb1 {[%clk 1:26:13]} Rxd1+ {[%clk 1:37:36]} 19. Nxd1 {[%clk 1:26:42]} Nd7
{[%clk 1:37:51]} 20. Bd4 {[%clk 1:23:59]} a5 {[%clk 1:38:01]} 21. Nc3 {[%clk
1:12:37]} e6 {[%clk 1:32:47]} 22. a4 {[%clk 1:12:14]} b4 {[%clk 1:31:46]} 23. Ne4
{[%clk 1:10:02]} Bxe4 {[%clk 1:30:31]} 24. fxe4 {[%clk 1:09:34]} Kf8 {[%clk
1:27:27]} 25. Bc4 {[%clk 1:09:22]} e5 {[%clk 1:26:44]} 26. Bg1 {[%clk 1:08:11]}
Bd2 {[%clk 1:24:34]} 27. Bb5 {[%clk 1:07:33]} Nf6 {[%clk 1:24:09]} 28. Bc5+
{[%clk 1:07:37]} Kg8 {[%clk 1:24:13]} 29. Bd3 {[%clk 1:06:09]} Nd7 {[%clk
1:23:14]} 30. Bd6 {[%clk 1:05:29]} Be3 {[%clk 1:23:34]} 31. Bb5 {[%clk 1:05:15]}
Bc5 {[%clk 1:23:36]} 32. Bc7 {[%clk 1:03:59]} Bb6 {[%clk 1:23:58]} 33. Bd6 {[%clk
1:02:20]} Bc5 {[%clk 1:24:18]} 34. Bc7 {[%clk 1:02:44]} Bb6 {[%clk 1:24:44]} 35.
Bxb6 {[%clk 1:03:13]} Nxb6 {[%clk 1:25:04]} 36. c3 {[%clk 1:02:35]} bxc3 {[%clk
1:24:59]} 37. b3 {[%clk 0:50:59]} Kf8 {[%clk 1:24:22]} 38. Kc2 {[%clk 0:51:15]}
Ke7 {[%clk 1:24:10]} 39. Kxc3 {[%clk 0:51:37]} Kd6 {[%clk 1:23:46]} 40. b4 {[%clk
1:21:37]} axb4+ {[%clk 1:53:13]} 41. Kxb4 {[%clk 1:21:25]} Nc8 {[%clk 1:51:04]}
42. h4 {[%clk 1:16:54]} f5 {[%clk 1:49:54]} 43. Bd3 {[%clk 1:16:20]} f4 {[%clk
1:47:51]} 44. Kb5 {[%clk 1:16:02]} h6 {[%clk 1:47:05]} 45. Be2 {[%clk 1:16:18]}
g5 {[%clk 1:46:14]} 46. h5 {[%clk 1:16:13]} Kc7 {[%clk 1:45:43]} 47. Kc5 {[%clk
1:16:36]} Ne7 {[%clk 1:45:57]} 48. Bg4 {[%clk 1:15:24]} Ng8 {[%clk 1:46:02]} 49.
Kc4 {[%clk 1:02:10]} Nf6 {[%clk 1:45:50]} 50. Bf3 {[%clk 1:02:21]} Kc6 {[%clk
1:45:55]} 51. a5 {[%clk 1:02:09]} g4 {[%clk 1:45:34]} 52. Be2 {[%clk 1:01:42]}
Nxe4 {[%clk 1:45:23]} 53. Bxg4 {[%clk 1:01:21]} Nd6+ {[%clk 1:45:47]} 54. Kb4
{[%clk 0:58:42]} e4 {[%clk 1:44:59]} 55. Kc3 {[%clk 0:53:06]} f3 {[%clk 1:44:44]}
56. gxf3 {[%clk 0:52:16]} exf3 {[%clk 1:45:08]} 57. Bxf3+ {[%clk 0:52:43]} Kb5
{[%clk 1:45:31]} 58. Kd4 {[%clk 0:52:59]} Ne8 {[%clk 1:45:50]} 59. Ke5 {[%clk
0:52:39]} Ng7 {[%clk 1:46:13]} 60. Kf6 {[%clk 0:53:06]} Nxh5+ {[%clk 1:46:38]}
1/2-1/2

[Event "Greek Team Championship"]
[Site "chess24.com"]
[Date "2017.07.07"]
[Round "6"]
[White "Grigorov, Grigor"]
[Black "Kelires, Andreas"]
[Result "1/2-1/2"]
[Board "1"]
[WhiteElo "2503"]
[WhiteTitle "GM"]
[WhiteCountry "BUL"]
[WhiteFideId "2907313"]
[BlackElo "2509"]
[BlackTitle "GM"]
[BlackCountry "GRE"]
[BlackFideId "5900727"]

1. d4 {[%clk 1:30:56]} Nf6 {[%clk 1:30:53]} 2. c4 {[%clk 1:31:18]} e6 {[%clk
1:31:19]} 3. Nf3 {[%clk 1:31:39]} Bb4+ {[%clk 1:31:43]} 4. Bd2 {[%clk 1:32:03]}
a5 {[%clk 1:32:09]} 5. g3 {[%clk 1:31:03]} O-O {[%clk 1:31:58]} 6. Bg2 {[%clk
1:31:09]} d5 {[%clk 1:32:05]} 7. Qc2 {[%clk 1:29:18]} Be7 {[%clk 1:30:07]} 8. O-O
{[%clk 1:26:19]} c6 {[%clk 1:29:21]} 9. Bg5 {[%clk 1:15:07]} Nbd7 {[%clk
1:28:02]} 10. Nbd2 {[%clk 1:14:24]} h6 {[%clk 1:22:11]} 11. Bxf6 {[%clk 1:12:56]}
Nxf6 {[%clk 1:21:52]} 12. Ne5 {[%clk 1:09:04]} Qb6 {[%clk 0:54:09]} 13. e3 {[%clk
1:01:44]} Bd7 {[%clk 0:51:21]} 14. c5 {[%clk 0:59:26]} Qc7 {[%clk 0:50:44]} 15.
Rfc1 {[%clk 0:55:14]} Rfc8 {[%clk 0:44:39]} 16. a3 {[%clk 0:49:58]} a4 {[%clk
0:40:51]} 17. Rcb1 {[%clk 0:36:58]} Rcb8 {[%clk 0:28:33]} 18. b4 {[%clk 0:32:31]}
axb3 {[%clk 0:28:57]} 19. Qxb3 {[%clk 0:31:05]} Be8 {[%clk 0:23:26]} 20. Qc3
{[%clk 0:24:30]} b6 {[%clk 0:20:49]} 21. Nb3 {[%clk 0:19:25]} b5 {[%clk 0:17:50]}
22. Nc1 {[%clk 0:19:34]} Nd7 {[%clk 0:16:44]} 23. Nxd7 {[%clk 0:19:01]} Bxd7
{[%clk 0:17:11]} 24. Nd3 {[%clk 0:19:23]} Ra7 {[%clk 0:16:14]} 25. Bf3 {[%clk
0:18:19]} Rba8 {[%clk 0:16:03]} 26. Bd1 {[%clk 0:18:34]} Be8 {[%clk 0:13:57]} 27.
Bc2 {[%clk 0:18:48]} Bd8 {[%clk 0:05:56]} 28. Rb2 {[%clk 0:09:38]} Qe7 {[%clk
0:04:47]} 29. Rba2 {[%clk 0:09:52]} f6 {[%clk 0:03:23]} 30. Nb4 {[%clk 0:07:22]}
Ba5 {[%clk 0:00:56]} 31. Qb3 {[%clk 0:06:54]} 1/2-1/2

[Event "Greek Team Championship"]
[Site "chess24.com"]
[Date "2017.07.07"]
[Round "6"]
[White "Vlahos, Kiriakos"]
[Black "Stojanovski, Dejan"]
[Result "1/2-1/2"]
[Board "2"]
[WhiteElo "2294"]
[WhiteTitle "FM"]
[WhiteCountry "GRE"]
[WhiteFideId "4200594"]
[WhiteEloChange "4"]
[BlackElo "2451"]
[BlackTitle "IM"]
[BlackCountry "MKD"]
[BlackFideId "15000796"]
[BlackEloChange "-2"]

1. c4 {[%clk 1:23:16]} Nf6 {[%clk 1:30:54]} 2. Nc3 {[%clk 1:23:33]} c5 {[%clk
1:31:18]} 3. Nf3 {[%clk 1:23:54]} g6 {[%clk 1:31:39]} 4. g3 {[%clk 1:24:17]} b6
{[%clk 1:31:18]} 5. Bg2 {[%clk 1:24:07]} Bb7 {[%clk 1:31:43]} 6. O-O {[%clk
1:24:30]} Bg7 {[%clk 1:32:11]} 7. d4 {[%clk 1:19:36]} cxd4 {[%clk 1:32:28]} 8.
Nxd4 {[%clk 1:20:02]} Bxg2 {[%clk 1:31:43]} 9. Kxg2 {[%clk 1:20:27]} Qc8 {[%clk
1:29:28]} 10. Qd3 {[%clk 1:14:25]} Nc6 {[%clk 1:27:22]} 11. Nxc6 {[%clk 1:07:36]}
Qxc6+ {[%clk 1:25:32]} 12. f3 {[%clk 1:07:16]} Rc8 {[%clk 1:16:43]} 13. b3 {[%clk
1:07:14]} d5 {[%clk 1:04:26]} 14. Nxd5 {[%clk 1:06:35]} Nxd5 {[%clk 1:03:37]} 15.
cxd5 {[%clk 1:06:58]} Qc2 {[%clk 1:04:03]} 16. Rb1 {[%clk 1:06:46]} Qxd3 {[%clk
1:01:21]} 17. exd3 {[%clk 1:07:09]} Rd8 {[%clk 0:58:44]} 18. Bf4 {[%clk 0:56:29]}
Rxd5 {[%clk 0:57:34]} 19. Rfd1 {[%clk 0:56:28]} e5 {[%clk 0:46:25]} 20. Be3
{[%clk 0:56:14]} Kd7 {[%clk 0:45:41]} 21. Rbc1 {[%clk 0:53:22]} Rc8 {[%clk
0:43:26]} 22. Rxc8 {[%clk 0:53:38]} Kxc8 {[%clk 0:42:33]} 23. Kf2 {[%clk
0:54:06]} Kd7 {[%clk 0:40:25]} 24. Ke2 {[%clk 0:54:28]} Rd6 {[%clk 0:39:40]} 25.
Rc1 {[%clk 0:54:17]} Rc6 {[%clk 0:39:25]} 26. Rxc6 {[%clk 0:54:26]} Kxc6 {[%clk
0:39:51]} 27. a4 {[%clk 0:54:22]} a6 {[%clk 0:37:02]} 28. g4 {[%clk 0:52:58]} b5
{[%clk 0:32:33]} 29. axb5+ {[%clk 0:53:21]} axb5 {[%clk 0:32:46]} 30. h3 {[%clk
0:52:33]} Kd5 {[%clk 0:31:35]} 31. Bc1 {[%clk 0:49:45]} Bf8 {[%clk 0:27:12]} 32.
Bb2 {[%clk 0:48:57]} Bb4 {[%clk 0:27:28]} 33. Ke3 {[%clk 0:48:38]} Bc5+ {[%clk
0:26:29]} 34. Kd2 {[%clk 0:45:17]} f5 {[%clk 0:22:48]} 35. gxf5 {[%clk 0:45:31]}
gxf5 {[%clk 0:23:16]} 36. Ke2 {[%clk 0:33:57]} Bb4 {[%clk 0:18:57]} 37. Ke3
{[%clk 0:33:58]} Bf8 {[%clk 0:18:02]} 38. Bc3 {[%clk 0:32:37]} Ba3 {[%clk
0:14:52]} 39. Ke2 {[%clk 0:32:42]} Bc5 {[%clk 0:12:27]} 40. Be1 {[%clk 0:59:07]}
Bd4 {[%clk 0:41:06]} 41. Bh4 {[%clk 0:56:59]} Bg1 {[%clk 0:37:39]} 42. Be1 {[%clk
0:54:28]} Kd4 {[%clk 0:31:30]} 43. Ba5 {[%clk 0:54:41]} Bh2 {[%clk 0:31:00]} 44.
Be1 {[%clk 0:55:00]} Bf4 {[%clk 0:31:17]} 45. Ba5 {[%clk 0:55:02]} Bh6 {[%clk
0:30:26]} 46. Bb4 {[%clk 0:55:28]} Bg5 {[%clk 0:30:29]} 47. Ba5 {[%clk 0:54:39]}
Be7 {[%clk 0:30:20]} 48. Bd2 {[%clk 0:54:54]} b4 {[%clk 0:26:53]} 49. Be1 {[%clk
0:54:17]} f4 {[%clk 0:27:08]} 50. Bd2 {[%clk 0:54:35]} Bf8 {[%clk 0:27:32]} 51.
Be1 {[%clk 0:54:58]} 1/2-1/2

[Event "Greek Team Championship"]
[Site "chess24.com"]
[Date "2017.07.07"]
[Round "6"]
[White "Iskos, Alexandros"]
[Black "Hristodoulou, Panagiotis"]
[Result "0-1"]
[Board "3"]
[WhiteElo "2169"]
[WhiteCountry "GRE"]
[WhiteFideId "4208676"]
[WhiteEloChange "-7"]
[BlackElo "2261"]
[BlackTitle "FM"]
[BlackCountry "GRE"]
[BlackFideId "4214340"]
[BlackEloChange "7"]

1. e4 {[%clk 1:30:30]} e6 {[%clk 1:27:30]} 2. d4 {[%clk 1:31:20]} d5 {[%clk
1:27:49]} 3. Nc3 {[%clk 1:31:47]} Nf6 {[%clk 1:28:04]} 4. Bg5 {[%clk 1:32:13]}
dxe4 {[%clk 1:28:10]} 5. Nxe4 {[%clk 1:32:01]} Be7 {[%clk 1:28:31]} 6. Nxf6+
{[%clk 1:27:47]} Bxf6 {[%clk 1:28:18]} 7. Bxf6 {[%clk 1:26:00]} Qxf6 {[%clk
1:28:37]} 8. Nf3 {[%clk 1:26:27]} O-O {[%clk 1:28:54]} 9. c3 {[%clk 1:22:59]} b6
{[%clk 1:28:17]} 10. Bd3 {[%clk 1:22:50]} Bb7 {[%clk 1:28:31]} 11. Qc2 {[%clk
1:19:09]} Bxf3 {[%clk 1:26:48]} 12. gxf3 {[%clk 1:19:13]} Qh6 {[%clk 1:27:11]}
13. Be4 {[%clk 1:13:46]} c6 {[%clk 1:26:29]} 14. Qd2 {[%clk 1:12:06]} Qxd2+
{[%clk 1:14:29]} 15. Kxd2 {[%clk 1:11:54]} f5 {[%clk 1:14:50]} 16. Bd3 {[%clk
1:08:19]} Nd7 {[%clk 1:14:24]} 17. Bc4 {[%clk 0:58:56]} Rf6 {[%clk 1:00:57]} 18.
Rhe1 {[%clk 0:59:22]} Kf7 {[%clk 1:01:01]} 19. Re3 {[%clk 0:57:38]} Re8 {[%clk
0:59:17]} 20. Rae1 {[%clk 0:57:58]} Nf8 {[%clk 0:52:39]} 21. f4 {[%clk 0:38:14]}
Rh6 {[%clk 0:51:49]} 22. h3 {[%clk 0:38:41]} Rh4 {[%clk 0:50:45]} 23. Rf3 {[%clk
0:35:01]} Kf6 {[%clk 0:50:29]} 24. Ba6 {[%clk 0:24:44]} Rd8 {[%clk 0:40:01]} 25.
b4 {[%clk 0:20:00]} c5 {[%clk 0:34:57]} 26. Ke3 {[%clk 0:19:31]} cxd4+ {[%clk
0:35:19]} 27. cxd4 {[%clk 0:19:58]} h6 {[%clk 0:35:41]} 28. Rc1 {[%clk 0:07:00]}
g5 {[%clk 0:36:02]} 29. Rc7 {[%clk 0:06:56]} gxf4+ {[%clk 0:34:25]} 30. Rxf4
{[%clk 0:03:01]} Rxh3+ {[%clk 0:30:24]} 31. Rf3 {[%clk 0:03:28]} Rxf3+ {[%clk
0:30:12]} 32. Kxf3 {[%clk 0:03:55]} Rxd4 {[%clk 0:30:33]} 33. a3 {[%clk 0:04:12]}
Rd7 {[%clk 0:30:43]} 34. Rc8 {[%clk 0:04:05]} Ng6 {[%clk 0:31:07]} 35. Ke3 {[%clk
0:03:56]} h5 {[%clk 0:29:57]} 36. Rc1 {[%clk 0:02:10]} h4 {[%clk 0:30:02]} 37. a4
{[%clk 0:02:13]} Ne7 {[%clk 0:26:54]} 38. b5 {[%clk 0:00:39]} e5 {[%clk 0:26:59]}
39. Rh1 {[%clk 0:00:44]} Rd4 {[%clk 0:27:07]} 40. Ra1 {[%clk 0:30:55]} Nd5+
{[%clk 0:56:46]} 41. Kf3 {[%clk 0:30:07]} Nf4 {[%clk 0:57:05]} 0-1